| 000 | 00441nam a22001937a 4500 | ||
|---|---|---|---|
| 003 | MPLRDC | ||
| 005 | 20220104152423.0 | ||
| 008 | 210129b ||||| |||| 00| 0 eng d | ||
| 020 | _a957-812-834-7 | ||
| 082 | _a857.7 HDXL v.136 | ||
| 100 | _a蓝玫著 | ||
| 245 |
_a网路一夜情 _c |
||
| 250 | _a初版 | ||
| 260 |
_a _b狗屋 _c1998 |
||
| 300 | _b平 | ||
| 490 | _a花蝶系列; 136 | ||
| 650 | _a | ||
| 942 |
_cBK _o857.7 HDXL v.136 |
||
| 999 |
_c52889 _d52879 |
||